000 00540nam a2200181Ia 4500
008 140925s9999 xx 000 0 und d
020 _a2229 - 6891
245 _aInternational Research Journal of Applied Finance /
_h[electronic resource]
260 _bKaizen Publications,
_cc2012.
516 _aElectronic text
650 _aFinancial Management.
650 _aJournal.
650 _aResearch.
830 _aKaizen Publications
856 _uhttps://irjaf.com/Current_Issue.html
942 _cEJ
999 _c275661
_d275661